| 000 | 00471nam a2200157 i 4500 | ||
|---|---|---|---|
| 001 | 99122 | ||
| 003 | ES-MaACL | ||
| 005 | 20230906182437.0 | ||
| 007 | t| | ||
| 008 | 050902s1899 sp ||||1| spa d | ||
| 100 | 1 |
_aMartín Arrúe, Francisco. _977397 |
|
| 245 | 1 | 0 |
_aCampañas del Duque de Alba _b: estudios historico militares / _cFrancisco Martín Arrue. |
| 260 |
_aToledo : _bFaudo e Hijo, _c1899. |
||
| 300 |
_a2 t. en 1 vol. ; _c18 cm. |
||
| 852 |
_aES-MaACL _jD-2046 |
||
| 999 |
_c99122 _d99122 |
||